Score 0/16 Timer 03:00
0 Plays Today
Hint Missing Word % Correct
Catherine KeenerVirgin
96.3%
Catherine Zeta-JonesTwelve
94.3%
Catherine KeenerWild
91.6%
Catherine KeenerJohn
90.1%
Catherine Zeta-JonesChristopher
87.3%
Catherine Zeta-JonesRock
86.3%
Catherine Zeta-JonesZorro
83.9%
Catherine Zeta-JonesHigh
81.7%
Hint Missing Word % Correct
Catherine KeenerOut
75.4%
Catherine Zeta-JonesDeath
64.6%
Catherine Zeta-JonesCruelty
56.9%
Catherine Zeta-JonesNo
55.9%
Catherine KeenerInto
49.1%
Catherine KeenerJust
20.5%
Catherine KeenerMoney
13.1%
Catherine KeenerLate
6.2%

Today's Daily Dose

Missing Word
'T' Pairs

Word Ladder
Game Pieces

Get the Picture
Baseball Movies

Remove Ads.
Support Sporcle.
Get the best of Sporcle when you Go Orange. This ad-free experience offers more features, more stats, and more fun while also helping to support Sporcle. Thank you for becoming a member.

You're not logged in!

Compare scores with friends on all Sporcle quizzes.
OR
Log In

Show Comments

Extras

Top Quizzes Today


Score Distribution

Your Account Isn't Verified!

In order to create a playlist on Sporcle, you need to verify the email address you used during registration. Go to your Sporcle Settings to finish the process.

Report this User

Report this user for behavior that violates our Community Guidelines.

Details: